| 000 | 00438cam a2200169ua 4500 | ||
|---|---|---|---|
| 041 |
_aeng _h |
||
| 082 |
_a822 _bSOP/SO |
||
| 100 | _aSophocles, . | ||
| 245 |
_aSophocles` dramas / _cSophocles. _hTextual Documents |
||
| 260 |
_aLondon : _bJ M Dent and Sons Ltd , _c1957. |
||
| 300 | _a401 ; . | ||
| 440 | 0 |
_aEveryman`s Library, _v114 _x; |
|
| 490 | 0 |
_aEveryman`s Library, _v114 _x; |
|
| 504 | _a | ||
| 942 | _cBK | ||
| 999 |
_c5879 _d5879 |
||